000 00331nam a2200121Ia 4500
008 220217s9999 xx 000 0 und d
245 0 _aCode of packaging of natural rubber latex in drums.
260 _c1993
500 _aStandard number: IS 5190
650 _aNatural rubber latex drums
650 _aPackaging code
942 _cST
999 _c73833
_d73833